Catálogo
 En Linea

Hallazgos sobre sucesiones y donaciones / (Registro nro. 14335)

Detalles MARC
000 -CABECERA
campo de control de longitud fija 01883nam a2200313 a 4500
001 - NÚMERO DE CONTROL
campo de control 000014752
003 - IDENTIFICADOR DEL NÚMERO DE CONTROL
campo de control DO-SdBNP
005 - FECHA Y HORA DE LA ÚLTIMA TRANSACCIÓN
campo de control 20260219115522.0
008 - DATOS DE LONGITUD FIJA--INFORMACIÓN GENERAL
campo de control de longitud fija 100120s2008 dr 001 0 spa d
020 ## - NÚMERO INTERNACIONAL ESTÁNDAR DEL LIBRO
ISBN cancelado o inválido 999345821X
040 ## - FUENTE DE LA CATALOGACIÓN
Centro catalogador/agencia de origen DO-SdBNP
Lengua de catalogación spa
Centro/agencia transcriptor BNPHU
082 ## - NÚMERO DE LA CLASIFICACIÓN DECIMAL DEWEY
Número de clasificación 346.729305
Número de documento/Ítem C957h, 2008
100 1# - ENTRADA PRINCIPAL--NOMBRE DE PERSONA
Nombre de persona Cruz, Juan,
Fechas asociadas al nombre 1956-
9 (RLIN) 17167
245 10 - MENCIÓN DE TÍTULO
Título Hallazgos sobre sucesiones y donaciones /
Mención de responsabilidad, etc. Juan Cruz ; prólogo Jorge A. Subero Isa.
250 ## - MENCIÓN DE EDICIÓN
Mención de edición 2a. ed. revisada y ampliada
260 ## - PUBLICACIÓN, DISTRIBUCIÓN, ETC.
Lugar de publicación, distribución, etc. Santo Domingo :
Nombre del editor, distribuidor, etc. Centenario,
Fecha de publicación, distribución, etc. 2008.
300 ## - DESCRIPCIÓN FÍSICA
Extensión 448 p. ;
Dimensiones 23 cm.
500 ## - NOTA GENERAL
Nota general Incluye datos biográficos del autor en las solapas
504 ## - NOTA DE BIBLIOGRAFÍA, ETC.
Nota de bibliografía, etc. Bibliografía: p. 445-448
505 2# - NOTA DE CONTENIDO CON FORMATO
Nota de contenido con formato Los derechos sucesoriales dentro del marco de los regímenes de producción dominicana --Diferentes modos de adquirir la propiedad en la República Dominicana -- Importancia del derecho sucesorial desde el punto de vista del derecho comparado -- Incidencia del derecho sucesorial; en lo económico, social , familiar y político --Todo lo que se debe saber sobre sucesiones y donaciones -- Jurisdicción ordinaria o de derecho común (masa sucesoral y la partición) -- Jurisdicción inmobiliaria (ley 108-05 sobre registro inmobiliario) - Impuestos sucesoriales (pliego de modificaciones) liquidación y pago -- Características y ámbito de aplicación de la legislación sucesorial y compilación jurisprudencial -Nuevos hallazgos jurisprudenciales y legales sobre materia sucesoral (suplemento jurisprudencial) - Bibliografía.
590 ## - NOTA LOCAL (RLIN)
Nota local Inventariado, 2019/MFF
650 #4 - PUNTO DE ACCESO ADICIONAL DE MATERIA--TÉRMINO DE MATERIA
Término de materia o nombre geográfico como elemento de entrada Derecho sucesorio
Subdivisión geográfica República Dominicana
9 (RLIN) 3573
650 #4 - PUNTO DE ACCESO ADICIONAL DE MATERIA--TÉRMINO DE MATERIA
Término de materia o nombre geográfico como elemento de entrada Impuesto sobre transmisión de bienes
9 (RLIN) 17168
650 #4 - PUNTO DE ACCESO ADICIONAL DE MATERIA--TÉRMINO DE MATERIA
Término de materia o nombre geográfico como elemento de entrada Bienes raices
9 (RLIN) 33443
650 #4 - PUNTO DE ACCESO ADICIONAL DE MATERIA--TÉRMINO DE MATERIA
Término de materia o nombre geográfico como elemento de entrada Registro de la propiedad
9 (RLIN) 14525
700 1# - PUNTO DE ACCESO ADICIONAL--NOMBRE DE PERSONA
Nombre de persona Subero Isa, Jorge A.,
Fechas asociadas al nombre 1947-
Término indicativo de función/relación pról.
9 (RLIN) 76863
910 ## - DATOS DE OPCIÓN DEL USUARIO (OCLC)
Datos de opción del usuario Validado, 2019/MFF
942 ## - ELEMENTOS DE PUNTO DE ACCESO ADICIONAL (KOHA)
Fuente del sistema de clasificación o colocación Dewey Decimal Classification
Tipo de ítem Koha Libro
Existencias
Estado de retiro Estado de pérdida Restricciones de uso No para préstamo Código de colección Localización permanente Ubicación/localización actual Ubicación en estantería Fecha de adquisición Número de inventario Total de préstamos Signatura topográfica completa Código de barras Fecha visto por última vez Número de copia Precio válido a partir de Tipo de ítem Koha
        Dominicana de Servicio General General Depósito 20.01.2010 LF1   346.729305 C957h, 2008 14752-30 25.06.2020 e. 5 25.06.2020 Libro y Folleto Colección Dominicana de Servicio
        Dominicana de Servicio General General Depósito 20.01.2010 LF1   346.729305 C957h, 2008 14752-40 25.06.2020 e. 3 25.06.2020 Libro y Folleto Colección Dominicana de Servicio
        Dominicana de Servicio General General Depósito 20.01.2010 LF1   346.729305 C957h, 2008 14752-50 25.06.2020 e. 4 25.06.2020 Libro y Folleto Colección Dominicana de Servicio
      Excluido de préstamo Patrimonio Dominicano Patrimonio Dominicano Patrimonio Dominicano Depósito 20.01.2010 LF1   346.729305 C957h, 2008 14752-10 25.06.2020   25.06.2020 Libro y Folleto Colección Patrimonio Dominicano
      Excluido de préstamo Patrimonio Dominicano Patrimonio Dominicano Patrimonio Dominicano Depósito 20.01.2010 LF1   346.729305 C957h, 2008 14752-20 25.06.2020 e. 2 25.06.2020 Libro y Folleto Colección Patrimonio Dominicano

Con tecnología Koha